000 00705nam a2200241Ia 4500
003 OSt
005 20220918200532.0
006 a|||||r|||| 00| 0
007 ta
008 220917b |||||||| |||| 00| 0 eng d
024 _a89,217
037 _cTextual
040 _aARTS
_cARTS
_beng
041 _2eng
_aeng
082 _aT9(Y31).N81t, M1
100 _aSher Jonathan P. Ed
_994529
245 0 _aRural education in urbanized nations
_b Issues and innovations
260 _aBoulder
_bWestview Press
_c1981
490 _aWestview special studies in education
650 _aEDUCATION
942 _hT9(Y31).N81t, M1
_cTEXL
_2CC
999 _c212887
_d212887